000 00290nam a2200121Ia 4500
008 190216s9999||||xx |||||||||||||| ||und||
100 _aCharles L Schultze
245 0 _aNational Income Analysis
260 _bPrentice Hall India
_c1984
300 _a162p
650 _aEconomics
942 _cBK
999 _c9708
_d9708